00452nam a2200121Ia 4500008004100000020002200041084002500063100001300088245011700101260003300218300002100251650005800272220325s9999||||xx |||||||||||||| ||und|| a978-979-007-275-6 a1128-0011 KAL Gov Bo aJ. Kaloh 0aKepemimpinan Kepala Daerah: Pola Kegiatan, Kekuasaan dan Perilaku Kepala Daerah Dalam Pelaksanaan Otonomi Daerah aJakartabSinar Grafikac2009 ai-viii + 216 hlm aGovernment (Pemerintahan)eG-O-VyPemerintahan Daerah